|
|
|
|
| LEADER |
00616nam a22001697a 4500 |
| 020 |
|
|
|a 9780230218871
|
| 082 |
|
|
|a 304.8
|b PET/W
|
| 100 |
|
|
|a Peter McCarthy
|9 44453
|
| 245 |
|
|
|a Writing Diaspora in the west :
|b intimacy, identity and the new marginalism/
|c by Peter McCarthy
|
| 260 |
|
|
|a New York:
|b Palgrave Macmillan,
|c 2009.
|
| 300 |
|
|
|a 179p.
|
| 650 |
|
|
|a Marginalism
|9 44454
|
| 650 |
|
|
|a Migration
|9 44455
|
| 650 |
|
|
|a Social Sciences
|9 44456
|
| 942 |
|
|
|c BK
|
| 999 |
|
|
|c 71236
|d 71236
|
| 952 |
|
|
|0 0
|1 0
|4 0
|6 304_800000000000000_PET_W
|7 0
|9 91843
|a SSUS
|b SSUS
|c STACKS
|d 2018-04-30
|g 6722.71
|o 304.8 PET/W
|p 088996
|r 2018-04-30
|w 2018-04-30
|y BK
|